|
|
|
|
| LEADER |
01109nam a2200265 a 4500 |
| 001 |
4044331 |
| 008 |
090614r20021998enka b 001 0 eng d |
| 010 |
|
|
|a \\\98213160
|
| 020 |
|
|
|a 1861521391
|
| 040 |
|
|
|a DLC
|c DLC
|d DLC
|
| 082 |
0 |
0 |
|a 658.4/012
|2 21
|
| 100 |
1 |
|
|a Wit, Bob de.
|
| 245 |
1 |
0 |
|a Strategy--process, content, context :
|b an international perspective /
|c Bob de Wit, Ron Meyer ; with the assistance of Pursey Heugens.
|
| 250 |
|
|
|a 2nd ed.
|
| 260 |
|
|
|a London ;
|a Boston :
|b International Thomson Business Press,
|c 1998 [reprinted 2002]
|
| 300 |
|
|
|a xxvi, 1252 p. :
|b ill. ;
|c 25 cm.
|
| 504 |
|
|
|a Includes bibliographical references and indexes.
|
| 541 |
1 |
|
|e 00014818
|
| 650 |
|
0 |
|a Strategic planning.
|
| 650 |
|
0 |
|a Business planning.
|
| 650 |
|
0 |
|a International business enterprises.
|
| 700 |
1 |
|
|a Meyer, Ron,
|d 1962-
|
| 852 |
4 |
|
|a Ayesha Abed Library
|j General shelf
|
| 999 |
|
|
|c 1288
|d 1288
|
| 952 |
|
|
|0 0
|1 0
|2 ddc
|4 0
|6 658_401200000000000_WIT
|7 0
|9 1171
|a BRACUL
|b BRACUL
|c GEN
|d 2009-06-25
|g 0.00
|l 1
|m 9
|o 658.4012 WIT
|p 3010014718
|r 2016-11-09
|s 2016-09-07
|t 1
|w 2009-06-25
|y BK
|x No price found in the accession register.
|